<?xml version="1.0" encoding="UTF-8"?><?xml-stylesheet type="text/xsl" href="static/style.xsl"?><OAI-PMH xmlns="http://www.openarchives.org/OAI/2.0/" xmlns:xsi="http://www.w3.org/2001/XMLSchema-instance" xsi:schemaLocation="http://www.openarchives.org/OAI/2.0/ http://www.openarchives.org/OAI/2.0/OAI-PMH.xsd"><responseDate>2026-04-14T17:45:12Z</responseDate><request verb="GetRecord" identifier="oai:uvadoc.uva.es:10324/41008" metadataPrefix="marc">https://uvadoc.uva.es/oai/request</request><GetRecord><record><header><identifier>oai:uvadoc.uva.es:10324/41008</identifier><datestamp>2021-06-24T07:22:59Z</datestamp><setSpec>com_10324_22154</setSpec><setSpec>com_10324_954</setSpec><setSpec>com_10324_894</setSpec><setSpec>col_10324_22155</setSpec></header><metadata><record xmlns="http://www.loc.gov/MARC21/slim" xmlns:doc="http://www.lyncode.com/xoai" xmlns:xsi="http://www.w3.org/2001/XMLSchema-instance" xmlns:dcterms="http://purl.org/dc/terms/" xsi:schemaLocation="http://www.loc.gov/MARC21/slim http://www.loc.gov/standards/marcxml/schema/MARC21slim.xsd">
<leader>00925njm 22002777a 4500</leader>
<datafield tag="042" ind1=" " ind2=" ">
<subfield code="a">dc</subfield>
</datafield>
<datafield tag="720" ind1=" " ind2=" ">
<subfield code="a">Bencheikh, Kamel</subfield>
<subfield code="e">author</subfield>
</datafield>
<datafield tag="720" ind1=" " ind2=" ">
<subfield code="a">Nieto Calzada, Luis Miguel</subfield>
<subfield code="e">author</subfield>
</datafield>
<datafield tag="260" ind1=" " ind2=" ">
<subfield code="c">2020</subfield>
</datafield>
<datafield tag="520" ind1=" " ind2=" ">
<subfield code="a">We study time evolution of Wigner function of an initially interacting one-dimensional quantum gas following the switch-off of the interactions. For the scenario where at t=0the interactions are suddenly suppressed, we derive a relationship between the dynamical Wigner function and its initial value. A two-particle system initially interacting through two different interactions of Dirac delta type is examined. For a system of particles that is suddenly let to move ballistically (without interactions) in a harmonic trap in d dimensions, and using time evolution of one-body density matrix, we derive a relationship between the time dependent Wigner function and its initial value. Using the inverse Wigner transform we obtain, for an initially harmonically trapped noninteracting particles in ddimensions, the scaling law satisfied by the density matrix at time tafter a sudden change of the trapping frequency. Finally, the effects of interactions are analyzed in the dynamical Wigner function.</subfield>
</datafield>
<datafield tag="024" ind2=" " ind1="8">
<subfield code="a">Physics Letters A 384 (2020) 126599</subfield>
</datafield>
<datafield tag="024" ind2=" " ind1="8">
<subfield code="a">0375-9601</subfield>
</datafield>
<datafield tag="024" ind2=" " ind1="8">
<subfield code="a">http://uvadoc.uva.es/handle/10324/41008</subfield>
</datafield>
<datafield tag="024" ind2=" " ind1="8">
<subfield code="a">10.1016/j.physleta.2020.126599</subfield>
</datafield>
<datafield tag="024" ind2=" " ind1="8">
<subfield code="a">126599</subfield>
</datafield>
<datafield tag="024" ind2=" " ind1="8">
<subfield code="a">25</subfield>
</datafield>
<datafield tag="024" ind2=" " ind1="8">
<subfield code="a">Physics Letters A</subfield>
</datafield>
<datafield tag="024" ind2=" " ind1="8">
<subfield code="a">384</subfield>
</datafield>
<datafield tag="245" ind1="0" ind2="0">
<subfield code="a">Exact results for nonequilibrium dynamics in Wigner phase space</subfield>
</datafield>
</record></metadata></record></GetRecord></OAI-PMH>